000 00653nam a22002417a 4500
001 21441
003 UA-OsUOA
005 20230919094007.0
007 ta
008 20031203b un ||||| |||| 00| 0 ukr d
020 _a966-7791-06-8
040 _aUA-OsUOA
_bukr
_cUA-OsUOA
_dUA-OsUOA
041 _aukr
044 _aUA
080 _a338(477)(075)
090 _a338(477)(075)
_bР64
245 _aРозміщення продуктивних сил України
_bпідручник
_cред. Є. П. Качан
260 _aКиїв
_bЮридична книга
_c2001
300 _a552 с.
650 7 _2UDC
942 _cBK
_2udc
955 _a0
999 _c307639
_d307639